The Fox River 8 - Statistics

General Stats
  • This quiz has been taken 9 times
  • The average score is 8 of 8
Answer Stats
Hint Answer % Correct
The one who was in the army C-Note
100%
The mob boss John Abruzzi
100%
The brother being rescued from the prison Lincoln Burrows
100%
The mastermind behind the escape Michael Scofield
100%
The masterminds cellmate Sucre
100%
The crazy one who loses a hand T-Bag
100%
The youngster who snitches Tweener
83%
The one from the psych ward Haywire
67%
No matching quizzes found
Score Distribution
Percent of People with Each Score
Percentile by Number Answered
Your Score History
You have not taken this quiz